Distinction / A Social Critique of the Judgement of Taste (Record no. 2438)
[ view plain ]
| 000 -LEADER | |
|---|---|
| fixed length control field | 01116cam a22001934a 4500 |
| 005 - ΗΜΕΡΟΜΗΝΙΑ ΚΑΙ ΩΡΑ ΤΕΛΕΥΤΑΙΑΣ ΕΝΗΜΕΡΩΣΗΣ | |
| Πεδίο ελέγχου | 20250605164041.0 |
| 008 - FIXED-LENGTH DATA ELEMENTS--GENERAL INFORMATION | |
| Πεδίο ελέγχου σταθερού μήκους | 250528s ||||||||||||||||||||||||d |
| 035 ## - SYSTEM CONTROL NUMBER | |
| System control number | 16997 |
| 020 ## - ISBN | |
| ISBN | 415045460 |
| 040 ## - ΠΗΓΗ ΚΑΤΑΛΟΓΟΓΡΑΦΗΣΗΣ | |
| Φορέας πρωτότυπης καταλογογράφησης | MC Athens Campus Library |
| Γλώσσα καταλογογράφησης | Ελληνικά, Μοντέρνα (1453-) |
| Modifying agency | MC Athens Campus Library |
| Κανόνες περιγραφικής καταλογογράφησης | AACR2 |
| 245 1# - ΤΙΤΛΟΣ ΚΑΙ ΔΗΛΩΣΗ ΥΠΕΥΘΥΝΟΤΗΤΑΣ | |
| Τίτλος | Distinction / A Social Critique of the Judgement of Taste |
| 260 ## - PUBLICATION, DISTRIBUTION, ETC. | |
| Name of publisher, distributor, etc. | Rouledge, |
| Date of publication, distribution, etc. | 1992 |
| 300 ## - PHYSICAL DESCRIPTION | |
| Extent | 613 |
| 520 ## - SUMMARY, ETC. | |
| Summary, etc. | A major contribution to current debates on the theory of culture and a challenge to the major theoretical schools in contemporary sociology. Preface, Introduction, A Social Critique of the Judgement of Taste, The Aristocracy of Culture, The Economy of Practices, The Social Space and Its Transformations, The Habitus and the Space of Life-Styles, The Dynamics of the Field, Class Tastes and Life-Styles, The Sense of Distinction, Cultural Goodwill, The Choice of the Necessary, Culture and Politics, Conclusion: Classes and Classifications Postscript: Towards a ''Vulgar'' Critique of ''Pure'' Critiques, Appendices, Notes, Credits, Index. |
| 700 1# - ΠΡΟΣΘΕΤΗ ΑΝΑΓΡΑΦΗ--ΦΥΣΙΚΟ ΠΡΟΣΩΠΟ | |
| Personal name | Bourdieu Pierre |
| 9 (RLIN) | 3121 |
| 942 ## - ADDED ENTRY ELEMENTS (KOHA) | |
| Koha item type | Books |
| Τύπος τεκμηρίου | Βιβλιοθήκη | Τρέχουσα τοποθεσία | Barcode | Αριθμός εισαγωγής | Ημερομηνία απόκτησης | Ταξιθετικό σύμβολο | Αριθμός αντιτύπου | Κατάσταση απόσυρσης | Κατάσταση χαμένου | Κατάσταση κατεστραμμένου | Μη δανεισμός | Σύνολο δανεισμών | Ημερομηνία τελευταίας εμφάνισης | Η τιμή ισχύει από |
|---|---|---|---|---|---|---|---|---|---|---|---|---|---|---|
| Books | MC Athens Campus Library | MC Athens Campus Library | 9780000024374 | 6499 | 05/06/2025 | 305.5 BOU | 1 | 05/06/2025 | 05/06/2025 |